Scottish Land Reform Bill passed (Record no. 71983)
[ view plain ]
| 000 -LEADER | |
|---|---|
| fixed length control field | 00986cam a2200229 4500 |
| 001 - CONTROL NUMBER | |
| control field | WB3904-21 |
| 008 - FIXED-LENGTH DATA ELEMENTS--GENERAL INFORMATION | |
| fixed length control field | 030128n2003 000 0 eng u |
| 035 ## - SYSTEM CONTROL NUMBER | |
| System control number | (Sirsi) u121140 |
| 245 ## - TITLE STATEMENT | |
| Title | Scottish Land Reform Bill passed |
| 260 ## - PUBLICATION, DISTRIBUTION, ETC. | |
| Date of publication, distribution, etc. | 2003 |
| 490 ## - SERIES STATEMENT | |
| Series statement | Scottish Executive News Release |
| Volume/sequential designation | 23 January 2003, (2) |
| 520 ## - SUMMARY, ETC. | |
| Summary, etc. | The Land Reform Scotland Billpassed by the Scottish Parliament will modernise Scotland's ancient land ownership laws. It is designed to extend community ownership of land, to establish new rights of public access and to remove barriers to social, economic and environmental development. The Bill is available at http://www.scottish.parliament.uk/parl_bus/bills/b44s1.pdf http://www.scotland.gov.uk/pages/news/2003/01/SEEN301.aspx |
| 590 ## - LOCAL NOTE (RLIN) | |
| Local note | WB |
| 650 ## - SUBJECT ADDED ENTRY--TOPICAL TERM | |
| Topical term or geographic name entry element | SCOTLAND |
| 650 ## - SUBJECT ADDED ENTRY--TOPICAL TERM | |
| Topical term or geographic name entry element | LAND REFORM |
| 650 ## - SUBJECT ADDED ENTRY--TOPICAL TERM | |
| Topical term or geographic name entry element | LAND OWNERSHIP |
| 650 ## - SUBJECT ADDED ENTRY--TOPICAL TERM | |
| Topical term or geographic name entry element | COMMUNITY OWNERSHIP |
| 650 ## - SUBJECT ADDED ENTRY--TOPICAL TERM | |
| Topical term or geographic name entry element | CROFTERS |
| 650 ## - SUBJECT ADDED ENTRY--TOPICAL TERM | |
| Topical term or geographic name entry element | PUBLIC ACCESS |
| 690 ## - LOCAL SUBJECT ADDED ENTRY--TOPICAL TERM (OCLC, RLIN) | |
| Topical term or geographic name as entry element | PROPERTY |
| 942 ## - ADDED ENTRY ELEMENTS (KOHA) | |
| Suppress in OPAC | 0 |
| Withdrawn status | Lost status | Source of classification or shelving scheme | Damaged status | Not for loan | Home library | Current library | Shelving location | Date acquired | Total Checkouts | Full call number | Barcode | Date last seen | Copy number | Price effective from | Koha item type |
|---|---|---|---|---|---|---|---|---|---|---|---|---|---|---|---|
| Dewey Decimal Classification | London | London | News article | 28/01/2003 | WB3904-21 | 121140-1001 | 06/08/2019 | 1 | 06/08/2019 | News article |